01004cam a2200265 i 45000010009000000050017000090080041000260100017000670200018000840200018001020420008001200820019001281000022001472450018001692600033001872640053002203000030002733360026003033370028003293380027003575040069003845200137004536500017005907760131006072226507420250328124437.0211006s2022 nju b 001 0 eng  a 2021049283 a9780691235899 z9780691236155 apcc00a330.015195 HAN1 aHansen, Bruce E.,10aEconometrics  aNew Jersey bPrincetonc2022 1aPrinceton :bPrinceton University Press,c[2022] axxxi, 1044 pages ;c26 cm atextbtxt2rdacontent aunmediatedbn2rdamedia avolumebnc2rdacarrier aIncludes bibliographical references (pages 1021-1031) and index. a"An introductory PhD-level textbook for one of the first and most foundational courses every economics graduate student must take"-- 0aEconometrics08iOnline version:aHansen, Bruce E.tEconometricsdPrinceton : Princeton University Press, 2022z9780691236155w(DLC) 2021049284